日本の空港最寄駅 - Statistics

General Stats
  • This quiz has been taken 298 times
  • The average score is 34 of 62
Answer Stats
Hint Answer % Correct
成田空港(第1タ) 成田空港
96%
関西国際空港 関西空港
90%
新千歳空港 新千歳空港
90%
中部国際空港 中部国際空港
88%
仙台空港 仙台空港
85%
大阪空港(伊丹) 大阪空港
84%
羽田空港(第3タ) 羽田空港第3ターミナル
83%
函館空港 函館
78%
福岡空港 福岡空港
78%
成田空港(第2タ) 空港第2ビル
78%
稚内空港 南稚内
76%
新潟空港 新潟
76%
那覇空港 那覇空港
76%
羽田空港第1ターミナル
75%
宮崎空港 宮崎空港
74%
羽田空港(第1タ) 羽田空港第1・第2ターミナル
74%
羽田空港(第2タ) 羽田空港第1・第2ターミナル
74%
帯広空港 帯広
71%
羽田空港第2ターミナル
71%
松山空港 松山
68%
秋田空港 秋田
68%
旭川空港 旭川
67%
神戸空港 神戸空港
66%
花巻空港 花巻空港
65%
高知空港 高知
64%
松本空港 松本
64%
富山空港 富山
63%
南紀白浜空港 白浜
63%
岩国空港 岩国
62%
小松空港 小松
61%
徳島空港 徳島
61%
佐賀空港 佐賀
60%
長崎空港 大村
59%
岡山空港 岡山
59%
岡南飛行場 岡山
59%
調布飛行場 調布
58%
三沢空港 三沢
56%
美保飛行場(米子空港) 米子空港
54%
広島空港 西条
49%
女満別空港 西女満別
44%
熊本空港 肥後大津
43%
庄内空港 鶴岡
42%
但馬空港 豊岡
41%
山形空港 さくらんぼ東根
39%
百里飛行場(茨城空港) 石岡
37%
八尾空港 八尾南
36%
釧路空港 大楽毛
34%
石見空港 益田
33%
大館能代空港 鷹ノ巣/鷹巣
32%
福島空港 郡山
32%
静岡空港 金谷
30%
鳥取空港 鳥取大学前
30%
北九州空港 朽網
29%
大分空港 杵築
28%
山口宇部空港 草江
25%
札幌丘珠空港 栄町
23%
中標津空港 厚床
19%
名古屋空港 味美
16%
鹿児島空港 中福良
14%
出雲空港 荘原
14%
大分県央飛行場 三重町
11%
高松空港 綾川
8%
No matching quizzes found
Score Distribution
Percent of People with Each Score
Percentile by Number Answered
Your Score History
You have not taken this quiz